Oracle 8 : (Record no. 42669)

MARC details
000 -CABECERA
campo de control de longitud fija 00752nam a2200217 a 4500
005 - FECHA Y HORA DE LA ÚLTIMA TRANSACCIÓN
campo de control 20210223122836.0
008 - ELEMENTOS DE LONGITUD FIJA--INFORMACIÓN GENERAL
campo de control de longitud fija 991125c1998 mad 000 0 spa u
035 ## - NÚMERO DE CONTROL DEL SISTEMA
Número de control de sistema UPN01000042669
049 ## - COLECCIÓN
Colección CG
050 #4 - SIGNATURA TOPOGRÁFICA DE LA BIBLIOTECA DEL CONGRESO
Número de clasificación QA76.9 D3
Número de documento/Ítem U7.6
100 1# - ASIENTO PRINCIPAL--NOMBRE PERSONAL
Nombre de persona Urman, Scott
245 10 - MENCIÓN DE TÍTULO
Título Oracle 8 :
Resto del título programación PL/SQL : versiones 7 y 8 /
Mención de responsabilidad, etc. Scott Urman.
260 ## - PUBLICACIÓN, DISTRIBUCIÓN, ETC.
Lugar de publicación, distribución, etc. Madrid :
Nombre del editor, distribuidor, etc. McGraw Hill Interamericana :
-- Oracle Press,
Fecha de publicación, distribución, etc. 1998.
300 ## - DESCRIPCIÓN FÍSICA
Extensión xxx, 778 p.
440 #0 - MENCIÓN DE SERIE/ASIENTO SECUNDARIO--TÍTULO
Título Bases de datos.
Nombre de parte o sección de la obra Programación
520 ## - NOTA DE RESUMEN, ETC.
Sumario, etc. "Para cualquier desarrollador de Oracle"
534 ## - NOTA SOBRE LA VERSIÓN ORIGINAL
Frase introductoria Traducción de:
Mención de título del original Oracle 8 PL/SQL programming
650 #4 - ASIENTO SECUNDARIO DE MATERIA - TERMINO TEMATICO
Término de materia o nombre geográfico como elemento de entrada ORACLE (ARCHIVO PARA COMPUTADORA)
9 (RLIN) 7569
650 #4 - ASIENTO SECUNDARIO DE MATERIA - TERMINO TEMATICO
Término de materia o nombre geográfico como elemento de entrada PL/SQL (LENGUAJE DE PROGRAMACION PARA COMPUTADORA)
9 (RLIN) 7568
905 ## - TIPO DE MATERIAL
Tipo de material Libro
Holdings
Estado de retiro Estado de pérdida Fuente del sistema de clasificación o colocación Estado dañado No para préstamo Código de colección Localización permanente Ubicación/localización actual Ubicación en estantería Total de préstamos Clasificación Código de barras Fecha visto por última vez Número de copia Tipo de ítem Koha
    Library of Congress Classification     Colección General Bib. Gregorio Torres Quintero Bib. Gregorio Torres Quintero Planta baja 1 QA76.9 D3 U7.6 163531 31/12/2020 1 Libro
    Library of Congress Classification     Colección General Bib. Gregorio Torres Quintero Bib. Gregorio Torres Quintero Planta baja 1 QA76.9 D3 U7.6 163532 31/12/2020 1 Libro
    Library of Congress Classification     Colección General Bib. Gregorio Torres Quintero Bib. Gregorio Torres Quintero Planta baja 1 QA76.9 D3 U7.6 163530 31/12/2020 1 Libro